000
00385nam a22001697a 4500
003
MPLRDC
005
20220104143600.0
008
210129b ||||| |||| 00| 0 eng d
082
_a
781 GL
100
_a
国琳
245
_a
世界名人风流史
_c
250
_a
初版
260
_a
_b
培琳出版社
_c
300
_b
平
650
_a
世界名人合传
942
_c
BK
_o
781 GL
999
_c
41333
_d
41323